Linear Analysis : An Introductory Course

Αποθηκεύτηκε σε:
Λεπτομέρειες βιβλιογραφικής εγγραφής
Κύριος συγγραφέας: Bollobas, Bela
Μορφή: Βιβλίο
Γλώσσα:English
Δημοσίευση: Cambridge [England] : New York : Cambridge University Press, 1990
Σειρά:Cambridge mathematical textbooks
Θέματα:
Ετικέτες: Προσθήκη ετικέτας
Δεν υπάρχουν, Καταχωρήστε ετικέτα πρώτοι!

MARC

LEADER 00000cam a2200000 i 4500
001 1/37932
008 941103s1990 eng d
020 |a 0521383013 
020 |a 0521387299 
035 |l 10040641 
035 |a 1993  |c ΒΙΒΛΙΟΘΗΚΗ 
040 |a GR-MY-UA  |b gre  |e aacr 
041 0 |a eng 
082 0 |a 515.7  |2 (20) 
100 1 |a Bollobas, Bela. 
245 1 0 |a Linear Analysis :  |b An Introductory Course /  |c Bela Bollobas 
260 |a Cambridge [England] :   |a New York :   |b Cambridge University Press,   |c 1990 
300 |a xi, 240 p.;  |c 24 cm 
490 1 |a Cambridge mathematical textbooks 
504 |a Includes bibliographical references and indexes 
650 0 0 |a Functional analysis. 
830 0 |a Cambridge mathematical textbooks 
852 |a INST  |b SAMOS  |e 19941103  |h 515.7 BOL  |p 005300008109  |q 005300008109  |t BK  |y 0 
909 |a Σ  |b 029562